Soccer players by first name - Statistics

General Stats
  • This quiz has been taken 133 times
  • The average score is 14 of 20
Answer Stats
First Name Surname % Correct
Cristiano Ronaldo
98%
Lionel Messi
98%
Kevin De Bruyne
96%
Harry Kane
94%
Kylian Mbappe
91%
Robert Lewandowski
91%
Virgil Van Dijk
90%
Sadio Mane
88%
Manuel Neuer
87%
Mohamed Salah
83%
Mario Balotelli
82%
Heung-min Son
70%
Riyad Mahrez
68%
Hakim Ziyech
62%
Juan Cuadrado
56%
Matt Doherty
40%
Aaron Mooy
37%
Sergej Milinkovic-Savic
37%
Erling Braut Haaland
33%
Takumi Minamino
30%
No matching quizzes found
Score Distribution
Percent of People with Each Score
Percentile by Number Answered
Your Score History
You have not taken this quiz